El fin del imperio romano: la primera gran peste de la era global

Gespeichert in:
Bibliographische Detailangaben
1. Verfasser: Rosen, William (VerfasserIn)
Format: Buch
Sprache:Spanisch
Veröffentlicht: Barcelona Paidós 2008
Schriftenreihe:Paidós Orígenes, 67
Schlagworte:
Tags: Tag hinzufügen
Keine Tags, Fügen Sie den ersten Tag hinzu!

MARC

LEADER 00000nam a2200000 a 4500
001 UCH8942
003 CL-VaPUC
008 091217e20080000SP |||||||||||||||||spa|d
020 |a 9788449321795 
082 0 4 |a 937.09  |b ROS  |2 21 
100 0 |a Rosen, William   |e author  |9 545707 
245 1 3 |a El fin del imperio romano: la primera gran peste de la era global 
300 |a 413 p 
942 |c BK 
945 |d 20091217 00:00:00  |a rbrito 
260 |a Barcelona  |b Paidós  |c 2008 
600 0 7 |a IMPERIO ROMANO  |2 CL-VaPUC  |9 320638 
650 0 |a Historia antigua  |9 267521 
650 0 |a Historia de Roma   |9 315349 
651 0 |a Roma   |9 255106 
583 |a last modification  |c 20091217 00:00:00  |k Rodrigo Vera 
490 0 |a Paidós Orígenes, 67 
999 |c 339023  |d 339021 
952 |0 0  |1 0  |4 0  |6 937_090000000000000_ROS_2008  |7 0  |8 A  |9 432377  |a BIBHIS  |b BIBHIS  |d 2019-11-22  |i 4626214  |o 937.09 ROS 2008  |p 4626214  |r 2025-01-20  |w 2019-11-22  |y BK  |k HIS 
952 |0 0  |1 0  |4 0  |6 937_090000000000000_ROS_2008  |7 0  |8 A  |9 432378  |a BIBHIS  |b BIBHIS  |d 2019-11-22  |i 4673204  |l 2  |o 937.09 ROS 2008  |p 4673204  |r 2025-01-20  |s 2022-04-21  |w 2019-11-22  |y BK  |k HIS